| 000 | 00648ntaaa2200205 4500 | ||
|---|---|---|---|
| 003 | 01 | ||
| 005 | 20251027202931.0 | ||
| 008 | 0714s1973 ag 01 | ||
| 040 |
_aAR-BaBN _bspa _cAR-BaBN _eaacr _dRIC |
||
| 082 | _a922.6730 R16 | ||
| 100 |
_aWeatherspoon, J.B. _99182 |
||
| 245 | _aM. Theron Rankin | ||
| 250 | _a1 ed. | ||
| 260 |
_aNashville : _bBroadman Press, _cc1958 |
||
| 300 | _a137 p | ||
| 500 | _aM.T. Rankin was a missionary to China and Executive Secretary of the Foreign Mission Board of the Southern Baptist Convention, 1945-1953. | ||
| 650 |
_aRankin, Milledge Theron (1894-1953) _929974 |
||
| 650 |
_amisionero _929975 |
||
| 942 | _cBK | ||
| 999 |
_c24622 _d24622 |
||